| 000 | 00787nam a2200253Ia 4500 | ||
|---|---|---|---|
| 003 | OSt | ||
| 005 | 20220925204909.0 | ||
| 006 | a|||||r|||| 00| 0 | ||
| 007 | ta | ||
| 008 | 220923b |||||||| |||| 00| 0 eng d | ||
| 037 | _cGeneral Book | ||
| 040 |
_aRTL _cRTL _beng |
||
| 041 |
_2eng _aeng |
||
| 082 | _aY72:3(Q).1-1.N7, L5 | ||
| 100 |
_aDupre Wilhelm _9138839 |
||
| 245 | 0 |
_aReligion in primitive cultures _b A study in ethnoph |
|
| 260 |
_aHague _bMouton _c1975 |
||
| 300 |
_ax, 366p _ccm. |
||
| 490 | _aReligion and reason: Method and theory in the study and interpretation of religion. | ||
| 500 | _aBibiliography: P 339-49 | ||
| 650 |
_aTribes _940733 |
||
| 942 |
_hY72:3(Q).1-1.N7, L5 _cGB _2CC |
||
| 999 |
_c550711 _d550711 |
||